000
00199 a2200097 4500
020
_a
9780590353427
041
_a
eng
100
_a
Rowiing, j k
245
_a
Harry potter and sorcerers stne
942
_c
BK
999
_c
3299
_d
3299